[Event "HCL-M869"]
[Site "www.playchess.de"]
[Date "2006.03.17"]
[Round "31"]
[White "Goofy"]
[Black "richard"]
[WhiteElo "2005"]
[BlackElo "1794"]
[PlyCount "68"]
[Result "0-1"]

1.d4 {Hi again! Good game! ;o))}  f5 {missed you}  
2.c4 {Thanks! ;o))}  Nf6 3.Nc3 g6 4.g3 Bg7 5.Bg2 
O-O 6.Nf3 c6 7.d5 d6 8.O-O e5 9.dxe6 Bxe6 10.Qd3 
Re8 11.Ng5 Nbd7 12.Nxe6 Rxe6 13.Bf4 Ne5 14.Bxe5 
dxe5 15.Qxd8+ Rxd8 16.Rad1 Red6 17.f3 Bh6 18.Kf2 
R6d4 19.Bh1 Bd2 20.Rdb1 Rxc4 21.Rfd1 Rcd4 {double 
on the open file yes}  22.e3 R4d3 23.e4 Bxc3 
24.Rxd3 Rxd3 25.bxc3 Rxc3 26.Rb2 fxe4 27.Rxb7 Rc2+ 
28.Ke3 Rxh2 29.Rb1 Rxa2 30.fxe4 Ng4+ 31.Kd3 Nf2+ 
32.Ke3 Nxh1 33.Rxh1 Ra5 34.Rb1 
Rb5 0-1

[Event "HCL-E1551"]
[Site "www.playchess.de"]
[Date "2006.03.17"]
[Round "4"]
[White "fosca"]
[Black "Nobleman"]
[WhiteElo "2100"]
[BlackElo "1251"]
[PlyCount "40"]
[Result "0-1"]

1.e4 e5 2.Bc4 Nf6 3.d3 Bc5 4.Nc3 O-O 5.f4 exf4 
6.Bxf4 d6 7.Nf3 h6 8.Qd2 Nc6 9.O-O-O a6 10.h3 Be6 
11.Bb3 b5 12.d4 Bb4 13.d5 Nxe4 14.Qe3 Bc5 15.Qxe4 
f5 16.Qxe6+ Kh7 17.dxc6 g6 18.h4 Rf6 19.Qd7+ Qxd7 
20.cxd7 Rd8 0-1

[Event "HCL-M896"]
[Site "www.playchess.de"]
[Date "2006.03.17"]
[Round "6"]
[White "Emerson"]
[Black "Still_Life"]
[WhiteElo "1802"]
[BlackElo "2084"]
[PlyCount "58"]
[Result "1/2-1/2"]

1.c4 {dear chessfriend, welcome to our match!}  
Nf6 {Pleased to meet you! Enjoy ;) David}  2.Nc3 
{merci
:-))}  c5 3.g3 e6 4.Bg2 d5 5.d3 Be7 6.Bd2 O-O 7.f4 
Nc6 8.Nf3 d4 9.Nb5 Bd7 10.O-O h6 11.Na3 Rb8 12.Nc2 
b5 13.cxb5 Rxb5 14.b3 Rb8 15.Na3 Qc7 16.Nc4 Nd5 
17.Rc1 Ncb4 18.a3 Na2 19.Rc2 Nac3 20.Qe1 Rxb3 
21.e4 Rb1 22.Qf2 Nd1 23.Qe2 N5c3 24.Bxc3 Nxc3 
25.Qf2 Rxf1+ 26.Qxf1 Rb8 27.Rb2 Rxb2 28.Nxb2 Qb8 
29.Nc4 Ba4 {(offering draw)}  1/2-1/2

[Event "HCL-B3935"]
[Site "www.playchess.de"]
[Date "2006.03.17"]
[Round "10"]
[White "Littlearza"]
[Black "pera"]
[WhiteElo "1488"]
[BlackElo "1016"]
[PlyCount "35"]
[Result "1-0"]

1.e4 e5 2.Bc4 Qf6 3.d3 Bc5 4.Nf3 d6 5.h3 Nc6 6.Bg5 
Bb4+ 7.c3 Bxc3+ 8.Nxc3 Qg6 9.Nd5 f6 10.Nxc7+ Kd7 
11.Nxa8 fxg5 12.Rc1 b6 13.Bb5 Nge7 14.Qa4 Ke6 
15.Nc7+ Kf7 16.Bxc6 Be6 17.Nxe6 Qxe6 
18.Nxg5+ 1-0

[Event "HCL-B3916"]
[Site "www.playchess.de"]
[Date "2006.03.17"]
[Round "14"]
[White "donsimon"]
[Black "RUDI"]
[WhiteElo "1076"]
[BlackElo "1291"]
[PlyCount "27"]
[Result "1-0"]

1.e4 e5 2.Nf3 Nc6 3.Nc3 Bb4 4.Nd5 Bd6 5.d4 exd4 
6.Bg5 Nge7 7.Nxd4 f6 8.Qh5+ Ng6 9.Bh4 O-O 10.Bc4 
Kh8 11.Nf5 a6 12.Nxf6 gxf6 13.Qh6 Rg8 
14.Bxg8 1-0

[Event "HCL-A2605"]
[Site "www.playchess.de"]
[Date "2006.03.17"]
[Round "15"]
[White "mrchess"]
[Black "RUDI"]
[WhiteElo "1438"]
[BlackElo "1256"]
[PlyCount "75"]
[Result "1-0"]

1.e4 {good luck}  e5 {good luck to you}  2.Nf3 Nc6 
3.c3 Bc5 4.Bd3 Nf6 5.Qc2 O-O 6.Be2 d6 7.h3 Nh5 
8.d3 g6 9.Bg5 Qe8 10.O-O Nf4 11.Bxf4 exf4 12.d4 
Bb6 13.Nbd2 Ne7 14.Nc4 Bd7 15.Ng5 Kh8 16.Nxb6 axb6 
17.Nf3 d5 18.e5 Bf5 19.Bd3 Bxd3 20.Qxd3 Nf5 
21.Rfe1 Qd7 22.Ng5 Ng7 23.a3 Ne6 24.Nf3 c6 25.c4 
dxc4 26.Qxc4 b5 27.Qc3 Qd5 28.Rac1 Rfd8 29.Red1 b6 
30.Qxc6 Qxc6 31.Rxc6 Rab8 32.d5 Nc5 33.Ng5 Rd7 
34.d6 Rbb7 35.Rd4 Kg7 36.Rb4 Ne6 37.Nxe6+ fxe6 
38.Rxb5 1-0

[Event "HCL-A2605"]
[Site "www.playchess.de"]
[Date "2006.03.17"]
[Round "16"]
[White "RUDI"]
[Black "mrchess"]
[WhiteElo "1256"]
[BlackElo "1438"]
[PlyCount "76"]
[Result "0-1"]

1.c4 e5 2.Nc3 d6 3.Nf3 Nc6 4.d4 exd4 5.Nxd4 Bd7 
6.g3 Ne5 7.e3 Nf6 8.Bg2 c6 9.O-O Nxc4 10.b3 Nb6 
11.e4 Be7 12.Bg5 O-O 13.Re1 h6 14.Be3 c5 15.Nf3 
Bg4 16.Qd2 Qc7 17.Nh4 Nfd7 18.Nd5 Nxd5 19.exd5 Bf6 
20.Be4 Bxa1 21.Rxa1 Nf6 22.Bc2 Rae8 23.Bxh6 Re2 
24.Qc1 Rxc2 25.Qxc2 gxh6 26.Re1 Nxd5 27.Qe4 Nf6 
28.Qf4 Kg7 29.Nf5+ Bxf5 30.Qxf5 Qd7 31.Qf3 d5 
32.Qc3 b6 33.Re3 Re8 34.Rf3 Qe6 35.Re3 Qc6 36.a3 
d4 37.Qd3 dxe3 38.fxe3 Qf3 0-1

[Event "HCL-A2598"]
[Site "www.playchess.de"]
[Date "2006.03.17"]
[Round "35"]
[White "RUDI"]
[Black "mrchess"]
[WhiteElo "1234"]
[BlackElo "1470"]
[PlyCount "84"]
[Result "0-1"]

1.c4 {hello, nice to meet you again!}  e5 {hi good 
game}  2.d4 exd4 3.Qxd4 Nc6 4.Qd1 Bb4+ 5.Bd2 Qf6 
6.Nc3 Bc5 7.e3 d6 8.Bd3 Nge7 9.Nf3 Bg4 10.Be2 O-O 
11.a3 a6 12.b4 Ba7 13.O-O Rfe8 14.Ne1 Bxe2 15.Qxe2 
Ng6 16.Nf3 Nf4 17.Qd1 Nd3 18.Ra2 Rad8 19.Nd5 Qe6 
20.Bc3 Qe4 21.Nxc7 Ref8 22.b5 Nb8 23.Nd5 Qxc4 
24.Ne7+ Kh8 25.Rc2 Qxb5 26.Nd4 Bxd4 27.Bxd4 Ne5 
28.Qc1 Nd3 29.Qb1 Qd7 30.Nd5 Qf5 31.Nc3 Ne5 32.e4 
Qg6 33.Bxe5 dxe5 34.f3 Rd6 35.Qc1 Rfd8 36.Nd5 Qe6 
37.Rff2 Nc6 38.f4 Nd4 39.Rc4 h6 40.fxe5 Qxe5 
41.Rc7 R6d7 42.Rxf7 Ne2+ 0-1

[Event "ACL-A662"]
[Site "www.playchess.de"]
[Date "2006.03.17"]
[Round "6"]
[White "PhilipKaveny"]
[Black "chn"]
[WhiteElo "1538"]
[BlackElo "1500"]
[PlyCount "71"]
[Result "1-0"]

1.e4 e5 2.Bc4 Qg5 3.Qf3 Qe7 4.Nc3 Nf6 5.h3 Nc6 
6.Nge2 Nb4 7.Bb3 d6 8.a3 Na6 9.Nd5 Nxd5 10.Bxd5 c6 
11.Ba2 b5 12.O-O Bb7 13.d4 c5 14.d5 c4 15.Ng3 Nc5 
16.b4 cxb3 17.cxb3 Nd7 18.Nf5 Qf6 19.h4 g6 20.Bg5 
gxf5 21.Bxf6 Nxf6 22.Qxf5 Be7 23.Qf3 Rg8 24.Rfc1 
h5 25.Rc7 Bc8 26.Rac1 Bg4 27.Qc3 Nxe4 28.Qc6+ Kf8 
29.Qxa8+ Kg7 30.Qxg8+ Kxg8 31.Rxe7 a6 32.f3 Ng3 
33.Kf2 Nf5 34.fxg4 Nxe7 35.b4 hxg4 
36.Rc6 1-0

[Event "ACL-A662"]
[Site "www.playchess.de"]
[Date "2006.03.17"]
[Round "5"]
[White "chn"]
[Black "kilani"]
[WhiteElo "1500"]
[BlackElo "1500"]
[PlyCount "31"]
[Result "0-1"]

1.e4 e5 2.Nf3 Nc6 3.Bc4 Be7 4.Nc3 Nf6 5.d3 O-O 
6.a3 a6 7.O-O h6 8.d4 d6 9.dxe5 dxe5 10.Nd5 Nxe4 
11.Re1 Nd6 12.Bb3 Bg4 13.h3 Bxf3 14.Qxf3 Nd4 
15.Qg4 Kh7 16.c3 0-1

[Event "HCL-E1533"]
[Site "www.playchess.de"]
[Date "2006.03.17"]
[Round "20"]
[White "kanturali"]
[Black "Abra"]
[WhiteElo "1978"]
[BlackElo "1500"]
[PlyCount "95"]
[Result "1-0"]

1.e4 e5 {Hello, wish you a nice game from the 
Netherlands.
}  2.Nf3 d6 3.d4 exd4 4.Nxd4 Nf6 5.Nc3 h6 {Best 
wishes for 2006
}  6.Qf3 Bg4 7.Qg3 Qd7 8.h3 Bh5 9.Be3 Bg6 10.Qf3 
Be7 11.O-O-O c6 12.e5 dxe5 13.Nxc6 Qe6 14.Nxe5 Nc6 
15.Nxg6 fxg6 16.Bb5 O-O 17.Ba4 Kh7 18.Bb3 Qf5 
19.Qxf5 gxf5 20.Rhe1 a6 21.Bb6 Bb4 22.Re3 Bxc3 
23.Rxc3 Ne4 24.Rcd3 Rfe8 25.R3d7 Nxf2 26.Bxf2 Re2 
27.R7d2 Rae8 28.c3 Na5 29.Bf7 Rxd2 30.Rxd2 Re7 
31.Bd5 Rd7 32.Bg8+ Kxg8 33.Rxd7 g6 34.b4 Nc4 
35.Rxb7 a5 36.Rc7 Ne5 37.Kd2 axb4 38.cxb4 h5 
39.Bd4 Nf7 40.Rc8+ Kh7 41.Rf8 g5 42.Rxf7+ Kg6 
43.Rg7+ Kh6 44.b5 g4 45.b6 f4 46.b7 gxh3 47.b8R 
hxg2 48.Rh8+ 1-0

[Event "HCL-E1597"]
[Site "www.playchess.de"]
[Date "2006.03.17"]
[Round "10"]
[White "Sobral"]
[Black "redstar"]
[WhiteElo "1484"]
[BlackElo "1654"]
[PlyCount "51"]
[Result "1-0"]

1.e4 c5 2.Nf3 e6 3.d4 cxd4 4.Nxd4 Nf6 5.Nc3 d6 
6.g4 Be7 7.g5 Nfd7 8.h4 Nc6 9.Be3 O-O 10.Qd2 a6 
11.O-O-O Nxd4 12.Bxd4 b5 13.Bd3 Bb7 14.f4 b4 
15.Ne2 d5 16.Ng3 dxe4 17.Bxe4 Bxe4 18.Nxe4 Qc7 
19.Kb1 Rac8 20.h5 e5 21.fxe5 Nxe5 22.Rdf1 Nc6 
23.Nf6+ Bxf6 24.gxf6 Rfd8 25.Qg5 g6 
26.Qh6 1-0

[Event "HCL-C4016"]
[Site "www.playchess.de"]
[Date "2006.03.17"]
[Round "32"]
[White "Kelthek"]
[Black "Mercator"]
[WhiteElo "612"]
[BlackElo "1042"]
[PlyCount "98"]
[Result "0-1"]

1.e4 {Hallo wieder...}  c5 {Hello again, nice game 
en good luck}  2.e5 e6 3.Bb5 a6 4.Ba4 b5 5.Bb3 c4 
6.Bxc4 bxc4 7.c3 Bb7 8.Nh3 Bxg2 9.Rg1 Bxh3 10.d4 
cxd3 11.Qxd3 Bf5 12.Qg3 g6 13.Bg5 Be7 14.Nd2 Bxg5 
15.Nf3 Be7 16.Qf4 h6 17.Nd4 Bg5 18.Qf3 Nc6 19.Rd1 
Nge7 20.Rh1 Nxd4 21.Rxd4 O-O 22.h4 Bc1 23.b3 Ba3 
24.h5 Bc5 25.Rdh4 g5 26.Rc4 Qb6 27.Rf1 Nd5 28.Kd1 
Rac8 29.b4 Be7 30.Qe2 Nxc3+ 31.Rxc3 Bxb4 32.Rc4 
Rxc4 33.Qxc4 Qb7 34.f3 Rc8 35.Qb3 Qd5+ 36.Qxd5 
exd5 37.Rf2 Be6 38.Rb2 Bc3 39.Rc2 Rc4 40.Ke2 Bf5 
41.Rc1 Bb4 42.Rd1 Bc5 43.Rxd5 Rc2+ 44.Kd1 Be3 
45.Rxd7 Rxa2 46.Rd8+ Kg7 47.Rd6 a5 48.Rf6 Bd3 
49.e6 Ra1+ 0-1

[Event "HCL-C4155"]
[Site "www.playchess.de"]
[Date "2006.03.17"]
[Round "9"]
[White "thor"]
[Black "Genesio"]
[WhiteElo "987"]
[BlackElo "1067"]
[PlyCount "47"]
[Result "1-0"]

1.e4 c5 {Your contry? The Valhalla!}  2.Nf3 Nc6 
3.d4 cxd4 4.Nxd4 e5 5.Nb3 Bb4+ 6.Bd2 Bxd2+ 7.N1xd2 
Nf6 8.Bb5 O-O 9.O-O a6 10.Bxc6 bxc6 11.Nc5 Qb6 
12.Ndb3 a5 13.Kh1 d6 14.Qxd6 Bb7 15.Nxb7 Qxb7 
16.Qxe5 Rfe8 17.Qc5 Rxe4 18.Rfe1 a4 19.Nd2 Nd7 
20.Qc3 Rae8 21.Nxe4 f5 22.Nd6 Rxe1+ 23.Rxe1 Nf6 
24.Nxb7 1-0

[Event "HCL-B3874"]
[Site "www.playchess.de"]
[Date "2006.03.17"]
[Round "10"]
[White "Regicide"]
[Black "Frost666"]
[WhiteElo "937"]
[BlackElo "1378"]
[PlyCount "58"]
[Result "0-1"]

1.d4 d5 2.Nc3 Nf6 3.h3 e6 4.Qd3 Nbd7 5.Bg5 c5 6.e3 
h6 7.Bxf6 Nxf6 8.f3 c4 9.Qd2 Bb4 10.g4 Qc7 11.Nge2 
O-O 12.a3 Bxc3 13.Qxc3 Re8 14.b4 b6 15.h4 e5 16.g5 
hxg5 17.hxg5 exd4 18.Qxd4 Nd7 19.Qxd5 Bb7 20.Qf5 
g6 21.Qg4 Rxe3 22.Qh4 Qe5 23.f4 Qxa1+ 24.Kf2 Rxe2+ 
25.Kxe2 Re8+ 26.Kf2 Bxh1 27.Qxh1 Qe1+ 28.Kg2 Qe4+ 
29.Kg1 Qxh1+ 0-1

[Event "HCL-C3985"]
[Site "www.playchess.de"]
[Date "2006.03.17"]
[Round "34"]
[White "Idris"]
[Black "Regicide"]
[WhiteElo "895"]
[BlackElo "958"]
[PlyCount "64"]
[Result "0-1"]

1.e4 {Hello}  e5 {Hello, again}  2.Nf3 Nc6 3.Be2 
f6 4.d3 Bb4+ 5.Bd2 Be7 6.Nc3 Nd4 7.Nxd4 exd4 8.Nd5 
b6 9.O-O c6 10.Nxe7 Qxe7 11.f4 Ba6 12.c4 O-O-O 
13.f5 Qe5 14.b4 b5 15.Bf4 Qe7 {A belated "Happy 
New Year"!}  16.c5 {Indeed, A Happy New year to 
you too}  Qf7 17.a4 Kb7 18.axb5 Bxb5 19.Bh5 g6 
20.fxg6 hxg6 21.Bf3 g5 22.Bd6 f5 23.Qc1 Bxd3 
24.Qxg5 Nf6 25.Rfd1 Rdg8 26.Qd2 Nxe4 27.Qxd3 Nxd6 
28.Qa3 Nb5 29.Qa6+ Ka8 30.Bxc6+ dxc6 31.Qxc6+ Qb7 
32.Qb6 Qxg2+ 0-1

[Event "HCL-A2622"]
[Site "www.playchess.de"]
[Date "2006.03.17"]
[Round "3"]
[White "Kinslayer"]
[Black "Akkarin"]
[WhiteElo "1726"]
[BlackElo "1375"]
[PlyCount "75"]
[Result "1-0"]

1.d4 d6 {Grussen aus Imardin, Kyralia}  2.Bf4 Nd7 
3.Nf3 Ngf6 4.e3 g6 5.h3 Bg7 6.Bh2 O-O 7.Nbd2 c6 
8.c3 Qc7 9.Be2 Re8 10.O-O e5 11.dxe5 dxe5 12.Nc4 
b5 13.Nd6 Re6 14.Nxc8 Rxc8 15.Qc2 Rce8 16.Rfd1 Qc8 
17.Nd2 e4 18.Nb3 Nb6 19.Nc5 R6e7 20.Rd2 a5 {Bh2-d7 
would have won the rook}  21.Rad1 {i don't want 
your rook. i want to practice end game}  Nfd5 
{Aha.}  22.Bd6 Ra7 23.Bh2 Rae7 24.a4 b4 25.c4 Nf6 
26.Nb3 Qa8 27.Nd4 c5 28.Nb5 Qc6 29.R2d6 Qb7 30.b3 
Rd7 31.R6xd7 Nbxd7 32.Nd6 Qc6 33.Nxe8 Nxe8 34.Qd2 
Ndf6 35.Qd8 h5 36.Qxa5 Kh7 37.Qb5 Qc7 
38.Bxc7 1-0

[Event "HCL-B3862"]
[Site "www.playchess.de"]
[Date "2006.03.17"]
[Round "6"]
[White "matthew"]
[Black "pytolo98"]
[WhiteElo "1314"]
[BlackElo "1218"]
[PlyCount "97"]
[Result "1-0"]

1.e4 {hi}  e5 {ciao, good luck}  2.Nf3 {yo you 
too!}  Qf6 3.Bc4 d6 4.d3 Bg4 5.Bg5 Qg6 6.Nbd2 h6 
7.Be3 a6 8.h3 Bxf3 9.Qxf3 Nf6 10.O-O-O b5 11.Bb3 
c5 12.h4 h5 13.Rdg1 Ng4 14.Bd5 Ra7 15.Nb3 Be7 
16.Na5 Rc7 17.Bd2 f6 18.Nb7 Rf8 19.Ba5 Rc8 20.Be6 
Nd7 21.Qe2 Rb8 22.Bd5 f5 23.f3 Ngf6 24.Bc6 Qf7 
25.c4 fxe4 26.cxb5 exd3 27.Qxd3 Qxa2 28.bxa6 Kf7 
29.Kc2 c4 30.Bd5+ Nxd5 31.Qxd5+ Ke8 32.a7 Ra8 
33.Nxd6+ Bxd6 34.Qxa8+ Ke7 35.Qxf8+ Nxf8 36.a8Q 
Qb3+ 37.Kb1 Qd3+ 38.Ka1 e4 39.Qb7+ Nd7 40.Qxe4+ 
Qxe4 41.fxe4 Nc5 42.Bb4 Nb3+ 43.Kb1 Bxb4 44.Kc2 
Nd4+ 45.Kd1 Ke6 46.g4 hxg4 47.Rxg4 Kf7 48.e5 Nf3 
49.Rf4+ 1-0

[Event "HCL-C4151"]
[Site "www.playchess.de"]
[Date "2006.03.17"]
[Round "5"]
[White "japes"]
[Black "mane_twice"]
[WhiteElo "800"]
[BlackElo "1241"]
[PlyCount "26"]
[Result "0-1"]

1.e4 c5 2.Nc3 Nc6 3.Bb5 e5 4.Nf3 d6 5.d3 Bd7 6.a3 
Nf6 7.O-O Be7 8.h3 Qc8 9.Bd2 a6 10.Ba4 Bxh3 
11.gxh3 b5 12.Bb3 Qxh3 13.Ng5 Qh4 0-1

[Event "HCL-A2540"]
[Site "www.playchess.de"]
[Date "2006.03.17"]
[Round "26"]
[White "flavio"]
[Black "MimiSiku"]
[WhiteElo "1415"]
[BlackElo "1479"]
[PlyCount "87"]
[Result "1-0"]

1.c4 {hi enjoy the game}  e6 {Thx. Wish you the 
same}  2.Nc3 Bb4 3.Qc2 Nf6 4.Nf3 O-O 5.d4 d5 6.e3 
Ne4 7.cxd5 exd5 8.Bd3 Bxc3+ 9.bxc3 Nf6 10.O-O c6 
11.c4 Bg4 12.Ne5 Be6 13.cxd5 Bxd5 14.Rb1 Qc7 
15.Bd2 Nbd7 16.Nxd7 Qxd7 17.e4 Be6 18.e5 Nd5 
19.Bxh7+ Kh8 20.Bd3 g6 21.Be4 Kg7 22.Bxd5 Bxd5 
23.Bg5 Qg4 24.Bf6+ Kg8 25.f3 Qe6 26.Qd2 Kh7 27.Qf2 
Qf5 28.Qh4+ Qh5 29.Qxh5+ gxh5 30.Rxb7 Kg6 31.a3 
Kf5 32.Bg7 Rfg8 33.Bf6 Rg6 34.Rfb1 c5 35.Rd7 Be6 
36.Rd6 c4 37.d5 Bc8 38.Rd8 Kf4 39.g3+ Kxf3 40.d6 
h4 41.Bxh4 Bf5 42.Rf1+ Ke2 43.Rxa8 c3 
44.Rxf5 1-0

[Event "HCL-A2660"]
[Site "www.playchess.de"]
[Date "2006.03.17"]
[Round "10"]
[White "Belzlover"]
[Black "KDHB"]
[WhiteElo "2100"]
[BlackElo "1349"]
[PlyCount "87"]
[Result "1-0"]

1.e4 {Servus! Neues Spiel neues Glück..}  e5 
{Hallo, auf zur Runde 2.}  2.Nf3 {same procedure ? 
;-)}  d6 3.d4 exd4 4.Nxd4 c5 5.Nf3 Bg4 6.Nc3 Nc6 
7.Be3 Nf6 8.Be2 Be7 9.O-O O-O 10.h3 Bh5 11.Qd2 Qd7 
12.Rad1 Rad8 13.Rfe1 Rfe8 14.Qc1 Qc8 15.Nd2 Bxe2 
16.Rxe2 d5 17.exd5 Nxd5 18.Nxd5 Rxd5 19.Nf3 Rxd1+ 
20.Qxd1 Rd8 21.Rd2 Rxd2 22.Qxd2 b6 23.c3 Bf6 
{Sorry, ich muss jetzt los. Bis morgen, Gute 
Nacht.}  24.Bg5 Qe6 25.Qf4 Ne5 26.Bxf6 Nxf3+ 
27.Qxf3 gxf6 28.Qg4+ Qxg4 29.hxg4 Kg7 30.Kh2 Kg6 
31.Kg3 h5 32.gxh5+ Kxh5 33.Kf4 Kg6 34.c4 Kg7 
35.Kf5 a6 36.a4 a5 37.g4 Kf8 38.Kxf6 Ke8 39.f4 Kf8 
40.g5 Ke8 41.f5 Kf8 42.g6 fxg6 43.fxg6 Kg8 44.g7 
{Ich glaube c4 anstatt h5 wäre Remis gewesen.} 
 1-0

[Event "HCL-M835"]
[Site "www.playchess.de"]
[Date "2006.03.17"]
[Round "24"]
[White "Schirrmeister"]
[Black "Faroe_Bamsa"]
[WhiteElo "1816"]
[BlackElo "2253"]
[PlyCount "73"]
[Result "1/2-1/2"]

1.e4 {Hello from Darmstadt, Germany.}  e5 {Hi from 
the Faroe Islands, nice to meet you :o) I hope we 
will have a good and fair game. Good luck - May 
the best player win c",)
}  2.Nf3 {Nice to meet you too. According to the 
rating it seems to be clear who will wining the 
game :-), but I will do my best.}  Nc6 {I have 
been tricked by that number once before - and 
never again. A long time ago I had to learn the 
hard way that rating does not determin who will 
win the game :o)}  3.Bb5 {I know what you mean. I 
had the same bad experience during my OTB career.} 
 a6 {My experience was also OTB. It is strange - 
When I played players who were 100-200 
ratingpoints (or sometimes more) higher than I, I 
always thought I had a chance anyway. But when the 
tables turned (I was rated higher) I was a sure 
winner in my mind :o)}  4.Ba4 {This is strange. 
Two month ago I lost against a player who was 200 
ratingpoints  lower.  And I lost. He was very good 
prepared in the opening and I was very lazy. I 
think my problem is that my concentration and my 
chess depends on my vision of my opponent}  Nf6 
{Yea, that is one of the strange parts of chess - 
If you are not confident in your self, you are an 
almost sure loser - if you are too conficent in 
your self, you are an almost sure loser :o) There 
is a fine line, but jet so clear c",)}  5.O-O {May 
I ask what your rating in OTB chess is? My rating 
is 1750 DWZ (German Rating, comparable to ELO)}  
Be7 {My OTB-rating is around 1700, but I play VERY 
little OTB-chess. I simply don't have the time to 
play chess, with my family, work and friends 
taking all my time. This is just about the only 
chess I play.}  6.Re1 {I know what you are talking 
about. I've two small children (6 and 4) too. So 
my time for chess is very limited. However,I don't 
want miss the exiting atmosphere of OTB-Chess.}  
b5 {My problem is that the local chess-club where 
I live is very passive, and the members very 
"lazy". I don't care to waste my precious time 
with people who are not serious. I love chess, but 
I love and need my family too :o) Therefor 
PlayChess is fantastic!}  7.Bb3 {Yes, PlayChess is 
great. You can play whenever you have a few 
minutes. I'm often use PlayChess to try new 
openings.}  O-O {So do I, however thisone is not 
"that" new ;o)}  8.c3 d5 {Have you played thisone 
before?}  9.exd5 {Yes, I've played the Marshall 
Gambit as white in an OTB Game (about 7 month 
ago). I could win the game, but it was very hard. 
At my opinion, this gambit is blacks strongest 
answer in the spanish. I try the same against RICH 
as black.}  e4 {Ok, Since you played Nxd4 against 
RICH, I'll play this line, just for fun :o)}  
10.dxc6 {I haven't played this line till now, but 
it seems also interesting.}  exf3 {Yea, it sure is 
interesting, if I know how to play it :o)}  11.d4 
{Dxf3 seems to dangerous}  Re8 {It would have 
given me some counterplay :o)}  12.Qxf3 {Now Qxf3 
should be ok (hopefully :-)). Congratulations for 
your victory against temple. Nice trick. But, was 
your plan with the Queen on a4 after 12. ... g6 or 
maybe h6?}  Bg4 {Thanks :o) I had no precise plan, 
I had so many possibilities. I was way ahead in 
development, and had several good moves to 
continue with from there - Rae1, Rf2, Ne5, Qe1, or 
maybe Qe5 - lots of possibilities. However, h6 
would have been better that g6.}  13.Qd3 {Why is 
h6 better. White has no black squared bishop, so 
the weakness of the black squares around the black 
king shouldn't be a big problem, should it.}  Bd6 
{Why create weaknesses, when you can avoid it? :o) 
White still has two rooks, a night and a queen, 
that can exploit the weaknesses g6 creates. And 
why give my white squared bishop a chance to 
attack your pawns later? h6 just looks better to 
me :o)}  14.Be3 {Hopefully I won't suffer the same 
doom.}  Ne4 {Only time will show, but your 
position dosn't look all too bad - you're two 
pawns up :o) and I very rarely play this variant, 
so it's not my strongest side c",)}  15.Nd2 {The 
black attack looks  dangerous. Hopefully I didn't 
overlook something.}  Bf5 {Yea, but is it 
dangerous enough?? I think this line was a bad 
choise :o)}  16.Qf1 {Sorry for the delay. I'm a 
little be busy at the moment.}  Nxd2 {That is no 
problem, we have plenty of time :o)}  17.Bxd2 Be4 
18.f3 Bxc6 19.Rxe8+ Bxe8 20.Qf2 Bc6 21.Bc2 Qf6 
22.Re1 Bd5 23.Be4 Bxe4 24.Rxe4 h6 25.Qe1 Kf8 
26.Be3 Qg6 27.Bf2 Rc8 28.Bg3 Bxg3 29.Qxg3 Qxg3 
30.hxg3 c5 31.dxc5 Rxc5 32.Kf2 Rc6 33.g4 Rd6 
34.Rd4 Re6 35.f4 Ke7 36.Kf3 Rb6 37.g3 {(offering 
draw) what do you think about a remis?} 
 1/2-1/2

[Event "HCL-E1569"]
[Site "www.playchess.de"]
[Date "2006.03.17"]
[Round "22"]
[White "Glomp"]
[Black "hal1958"]
[WhiteElo "1550"]
[BlackElo "1431"]
[PlyCount "37"]
[Result "1-0"]

1.e4 {Good luck again!}  d6 {also good luck to 
you}  2.d4 Nf6 3.Nc3 g6 4.f4 Bg7 5.Nf3 O-O 6.Be3 
a6 7.Bd3 b5 8.e5 dxe5 9.dxe5 Nfd7 10.Be4 c6 11.Nd4 
Bb7 12.Qf3 Qc7 13.O-O e6 14.Nb3 Rc8 15.Rad1 a5 
16.Nxb5 cxb5 17.Bxb7 Nc6 18.Bxa8 Rxa8 
19.Nd4 1-0

[Event "HCL-C4134"]
[Site "www.playchess.de"]
[Date "2006.03.17"]
[Round "1"]
[White "Genesio"]
[Black "nichju"]
[WhiteElo "1067"]
[BlackElo "1067"]
[PlyCount "77"]
[Result "1-0"]

1.e4 {Welcome!}  e5 {Greetings from Germany and 
good luck to you}  2.Nf3 Bc5 3.Bc4 Nf6 4.O-O O-O 
5.Re1 d6 6.c3 Ng4 7.d4 exd4 8.cxd4 Bb4 9.Nc3 c5 
10.a3 Bxc3 11.bxc3 Nc6 12.d5 Nce5 13.Nxe5 Nxe5 
14.Ba2 f5 15.f4 Nc4 16.Bxc4 Bd7 17.exf5 Bxf5 
18.Re3 Qf6 19.g4 Bd7 20.Rh3 h5 21.Rxh5 Qg6 22.Bd3 
Qf7 23.Bh7+ Kh8 24.Bg6+ Kg8 25.Bxf7+ Rxf7 26.f5 
Re8 27.Bf4 g6 28.Rg5 Re4 29.Qf3 Rfe7 30.Rxg6+ Kf7 
31.Bxd6 R4e1+ 32.Rxe1 Rxe1+ 33.Kg2 Rc1 34.Bxc5 
Rc2+ 35.Kg3 b6 36.Bd4 Bb5 37.d6 Be2 38.Qd5+ Kf8 
39.Qg8+ 1-0

[Event "HCL-C3985"]
[Site "www.playchess.de"]
[Date "2006.03.17"]
[Round "32"]
[White "klm"]
[Black "Regicide"]
[WhiteElo "1028"]
[BlackElo "958"]
[PlyCount "75"]
[Result "1/2-1/2"]

1.e4 {Guten Tag!}  e5 {And to you!}  2.Nf3 d6 
3.Bc4 Nf6 4.Ng5 Qe7 5.Nc3 c6 6.Bxf7+ Kd8 7.d3 h6 
8.Bb3 hxg5 9.Bxg5 Kc7 10.O-O Rh5 11.Bxf6 Qxf6 
12.Qxh5 Nd7 13.Qe2 Nc5 14.h3 Nxb3 15.axb3 Be6 
16.g4 g5 17.b4 d5 18.exd5 cxd5 19.Nb5+ Kb8 20.c3 
a6 21.Na3 Kc7 22.f3 a5 23.Nb5+ Kc8 24.Rxa5 Rxa5 
25.bxa5 Bc5+ 26.d4 exd4 27.cxd4 Bxd4+ 28.Nxd4 
Qxd4+ 29.Kg2 Bd7 30.Rc1+ Kb8 31.Rb1 Qf4 32.b4 Be6 
33.Qxe6 Qd2+ 34.Kg3 Qf4+ 35.Kf2 Qh2+ 36.Ke3 Qf4+ 
37.Ke2 Qh2+ 38.Ke3 {(offering draw)} 
 1/2-1/2

[Event "HCL-B3868"]
[Site "www.playchess.de"]
[Date "2006.03.17"]
[Round "17"]
[White "Snillie"]
[Black "SAROS"]
[WhiteElo "1504"]
[BlackElo "1233"]
[PlyCount "110"]
[Result "0-1"]

1.c4 g6 2.g3 Bg7 3.Bg2 Nf6 4.Nc3 O-O 5.d3 e6 6.Bg5 
h6 7.Bd2 c6 8.e4 e5 9.Nge2 c5 10.f4 d6 11.O-O Bg4 
12.h3 Bd7 13.g4 exf4 14.Bxf4 Bc6 15.Qd2 Kh7 16.g5 
hxg5 17.Bxg5 Nbd7 18.Nf4 Qe8 19.Rae1 Rh8 20.Ncd5 
Bxd5 21.Nxd5 Nxd5 22.exd5 Ne5 23.b3 Qd7 24.a3 Rhf8 
25.b4 b6 26.Rf4 f6 27.Rh4+ Kg8 28.Be3 Rae8 29.Re2 
g5 30.Bxg5 fxg5 31.Qxg5 Qf5 32.Qxf5 Rxf5 33.Be4 
Rff8 34.Rg2 Kf7 35.Rh7 Rfg8 36.h4 Re7 37.h5 Kf8 
38.h6 Bf6 39.Rxe7 Bxe7 40.Rxg8+ Kxg8 41.Kf2 Ng4+ 
42.Kg3 Nxh6 43.Kf4 Kg7 44.b5 Nf7 45.Ke3 Bh4 46.d4 
cxd4+ 47.Kxd4 Be1 48.Bc2 Bf2+ 49.Ke4 Kf6 50.Bd3 
Ne5 51.Be2 Bc5 52.a4 Kg5 53.Bf1 Ng4 54.Be2 Nf2+ 
55.Kf3 Kf5 0-1